[Event "UK Armed Forces ch"]
[Site "Wittering"]
[Date "2023.04.16"]
[Round "5.22"]
[White "Simpson, Jack"]
[Black "Cox, Jamie"]
[Result "1/2-1/2"]
[WhiteElo "1500"]
[BlackElo "1182"]
[PlyCount "60"]
[EventDate "2023.04.14"]
[EventType "swiss"]
[EventRounds "7"]
[EventCountry "ENG"]
[SourceVersionDate "2023.04.22"]

1. e4 c5 2. Nc3 Nc6 3. Nf3 d6 4. Bc4 g6 5. O-O Bg7 6. d3 Nf6 7. Be3 Bg4 8. h3
Bxf3 9. Qxf3 Ne5 10. Bb5+ Nfd7 11. Qe2 a6 12. Bxd7+ Nxd7 13. Qd2 O-O 14. Bh6 e6
15. Rfe1 Nb6 16. b3 d5 17. Bxg7 Kxg7 18. exd5 exd5 19. Ne2 d4 20. c3 Qf6 21.
cxd4 cxd4 22. Qf4 Qxf4 23. Nxf4 Rfe8 24. Rac1 g5 25. Rxe8 Rxe8 26. Nh5+ Kg6 27.
Ng3 Re7 28. Ne4 Nd5 29. Rc4 f5 30. Rxd4 fxe4 1/2-1/2

[Event "UK Armed Forces ch"]
[Site "Wittering"]
[Date "2023.04.16"]
[Round "5.23"]
[White "Chapman, Chas"]
[Black "Peacock, Christopher"]
[Result "1/2-1/2"]
[WhiteElo "1499"]
[BlackElo "1041"]
[PlyCount "74"]
[EventDate "2023.04.14"]
[EventType "swiss"]
[EventRounds "7"]
[EventCountry "ENG"]
[SourceVersionDate "2023.04.22"]

1. e4 c6 2. d4 d5 3. exd5 cxd5 4. Bb5+ Bd7 5. Bxd7+ Nxd7 6. Nf3 Ngf6 7. Nc3 e6
8. Bg5 Bd6 9. O-O O-O 10. Qd2 h6 11. Bf4 Bxf4 12. Qxf4 a6 13. Rfe1 Re8 14. Ne5
Nxe5 15. Rxe5 Nd7 16. Re3 Nb6 17. Rg3 Nd7 18. Qxh6 Qf6 19. Qxf6 Nxf6 20. Re1
Nh5 21. Rge3 Rac8 22. Re5 Nf6 23. f3 Rc4 24. Nxd5 Nxd5 25. Rxd5 Rxc2 26. Rd7
Rxb2 27. Rc1 e5 28. d5 e4 29. f4 e3 30. d6 e2 31. Re1 b5 32. Rc7 Rd2 33. Re7
Kf8 34. Kf2 Rxe7 35. dxe7+ Kxe7 36. Rxe2+ Rxe2+ 37. Kxe2 Kd6 1/2-1/2

[Event "UK Armed Forces ch"]
[Site "Wittering"]
[Date "2023.04.16"]
[Round "5.24"]
[White "Cooper, Liam"]
[Black "Downey, Finlay"]
[Result "1-0"]
[WhiteElo "1463"]
[BlackElo "900"]
[PlyCount "41"]
[EventDate "2023.04.14"]
[EventType "swiss"]
[EventRounds "7"]
[EventCountry "ENG"]
[SourceVersionDate "2023.04.22"]

1. c4 e5 2. Nc3 Nf6 3. g3 Bc5 4. e4 O-O 5. h3 c6 6. Bg2 a6 7. a4 Ne8 8. Nge2
Nc7 9. O-O d6 10. d3 Bd7 11. Kh1 b5 12. f4 Qf6 13. fxe5 Qxe5 14. d4 Bxd4 15.
Qxd4 Qh5 16. Nf4 Qh6 17. Nfd5 Qe6 18. Nxc7 Qg6 19. Nxa8 c5 20. Qf2 Qh5 21. Kh2
1-0

[Event "UK Armed Forces ch"]
[Site "Wittering"]
[Date "2023.04.16"]
[Round "5.28"]
[White "Hill, Thomas"]
[Black "Stewart, Christopher"]
[Result "1/2-1/2"]
[WhiteElo "1450"]
[BlackElo "900"]
[PlyCount "141"]
[EventDate "2023.04.14"]
[EventType "swiss"]
[EventRounds "7"]
[EventCountry "ENG"]
[SourceVersionDate "2023.04.22"]

1. e4 c6 2. d4 d5 3. e5 c5 4. c3 Nc6 5. Bb5 Bf5 6. Qf3 e6 7. Ne2 cxd4 8. Bxc6+
bxc6 9. cxd4 Bb4+ 10. Bd2 Qb6 11. Nbc3 Ne7 12. O-O O-O 13. Qg3 Rfe8 14. a3 Bxc3
15. Bxc3 c5 16. h4 Qb5 17. h5 Qxe2 18. h6 g6 19. Qg5 Qh5 20. Qf6 Qxh6 21. dxc5
d4 22. Bd2 Qh5 23. Qg5 Qxg5 24. Bxg5 a5 25. f3 Rab8 26. g4 Bc2 27. Rf2 Rxb2 28.
Rc1 d3 29. Kf1 Rb1 30. Rxb1 Bxb1 31. Kg2 d2 32. Bxd2 Bd3 33. Bg5 Nc6 34. Bf6 h6
35. Rd2 Ba6 36. Rd6 Rc8 37. Kf2 h5 38. g5 h4 39. Kg2 Be2 40. f4 a4 41. Kh3 Bb5
42. Kxh4 Na5 43. Rb6 Bc6 44. Rb4 Kf8 45. Rd4 Ke8 46. Kg4 Nb3 47. Rb4 Nxc5 48.
Rb1 Ne4 49. Rb2 Bd5 50. Rh2 Nc3 51. Rh8+ Kd7 52. Rh7 Kc6 53. Rxf7 Rg8 54. Be7
Be4 55. Bb4 Bf5+ 56. Kf3 Nd5 57. Ra7 Kb5 58. Ra5+ Kc4 59. Rxa4 Nxb4 60. Rxb4+
Kc5 61. Ra4 Rb8 62. Ke3 Rb3+ 63. Kd2 Kb5 64. Ra8 Rb2+ 65. Kc3 Rf2 66. a4+ Kc5
67. Rc8+ Kb6 68. Rc4 Rc2+ 69. Kb3 Rxc4 70. Kxc4 Ka5 71. Kd4 1/2-1/2

[Event "UK Armed Forces ch"]
[Site "Wittering"]
[Date "2023.04.16"]
[Round "5.30"]
[White "Bradley, Eric"]
[Black "Brewer, Sam"]
[Result "1/2-1/2"]
[WhiteElo "1234"]
[BlackElo "1389"]
[PlyCount "21"]
[EventDate "2023.04.14"]
[EventType "swiss"]
[EventRounds "7"]
[EventCountry "ENG"]
[SourceVersionDate "2023.04.22"]

1. e4 e5 2. f4 exf4 3. Nf3 g5 4. Bc4 d6 5. h4 g4 6. Ng5 Nh6 7. O-O Nc6 8. d4
Bg7 9. c3 O-O 10. Bxf4 Ne7 11. Qd3 1/2-1/2

[Event "UK Armed Forces ch"]
[Site "Wittering"]
[Date "2023.04.16"]
[Round "5.32"]
[White "Stynes, Peri-Jake"]
[Black "Harberd, Matthew"]
[Result "0-1"]
[WhiteElo "1000"]
[BlackElo "1323"]
[PlyCount "92"]
[EventDate "2023.04.14"]
[EventType "swiss"]
[EventRounds "7"]
[EventCountry "ENG"]
[SourceVersionDate "2023.04.22"]

1. e4 c5 2. c3 Nc6 3. d4 d5 4. e5 cxd4 5. cxd4 e6 6. Nc3 a6 7. Nf3 Be7 8. Qa4
Bd7 9. Be3 f6 10. Qc2 Nh6 11. a3 Nf5 12. Bd3 Nxe3 13. fxe3 fxe5 14. Nxe5 Nxe5
15. dxe5 Qb6 16. Bg6+ Kd8 17. Bd3 Qxe3+ 18. Qe2 Qxe2+ 19. Bxe2 d4 20. Ne4 Bc6
21. Bf3 Kc7 22. O-O Rad8 23. Rac1 d3 24. Nd2 Kb6 25. Bxc6 bxc6 26. b4 Bg5 27.
Nc4+ Kb5 28. Nd6+ Rxd6 29. Rc5+ Ka4 30. Ra5+ Kb3 31. exd6 Rd8 32. Rxg5 Rxd6 33.
Rg3 Kc2 34. Rgf3 e5 35. Ra1 e4 36. Rff1 e3 37. Rfc1+ Kb3 38. a4 d2 39. Rab1+
Kxa4 40. Ra1+ Kxb4 41. Rab1+ Ka5 42. Rc5+ Ka4 43. Rc4+ Ka3 44. Rc3+ Ka2 45. Rd1
e2 46. Rc2+ Kb3 0-1

[Event "UK Armed Forces ch"]
[Site "Wittering"]
[Date "2023.04.16"]
[Round "6.1"]
[White "Onley, David E"]
[Black "Wells, Daniel J"]
[Result "1/2-1/2"]
[WhiteElo "2174"]
[BlackElo "2042"]
[PlyCount "40"]
[EventDate "2023.04.14"]
[EventType "swiss"]
[EventRounds "7"]
[EventCountry "ENG"]
[SourceVersionDate "2023.04.22"]

1. e4 c5 2. Nf3 Nc6 3. Bb5 g6 4. Bxc6 dxc6 5. d3 Bg7 6. h3 Nf6 7. O-O O-O 8.
Nc3 e5 9. Nxe5 Nxe4 10. Nxe4 Bxe5 11. Nxc5 b6 12. Ne4 f5 13. Ng5 Bf6 14. Nf3 c5
15. Re1 Re8 16. Rxe8+ Qxe8 17. c3 Bb7 18. Bf4 Rd8 19. Qe1 Qc6 20. Qf1 Qd5
1/2-1/2

[Event "UK Armed Forces ch"]
[Site "Wittering"]
[Date "2023.04.16"]
[Round "6.2"]
[White "Treasurer, John"]
[Black "Officer, Paul"]
[Result "1/2-1/2"]
[WhiteElo "2066"]
[BlackElo "1668"]
[PlyCount "106"]
[EventDate "2023.04.14"]
[EventType "swiss"]
[EventRounds "7"]
[EventCountry "ENG"]
[SourceVersionDate "2023.04.22"]

1. d4 d5 2. c4 e5 3. e3 exd4 4. exd4 dxc4 5. Bxc4 Nf6 6. Nf3 Be7 7. O-O O-O 8.
h3 a6 9. a4 h6 10. Nc3 Nbd7 11. Re1 Nb6 12. Ba2 Bd6 13. Qd3 Re8 14. Bd2 Be6 15.
Bxe6 Rxe6 16. Rxe6 fxe6 17. Re1 Qd7 18. a5 Nbd5 19. Ne4 Re8 20. g4 Nxe4 21.
Qxe4 Qf7 22. Ne5 Bxe5 23. dxe5 Rf8 24. Be3 Nxe3 25. Qxe3 Qf3 26. Re2 c6 27. Rd2
Qxe3 28. fxe3 Rf3 29. Rd3 Rxh3 30. Kg2 Rh4 31. Kg3 Rh1 32. Rd7 Ra1 33. b4 c5
34. Rxb7 cxb4 35. Rxb4 Rxa5 36. Kf4 g5+ 37. Ke4 Rb5 38. Rc4 Rb6 39. Kd4 a5 40.
Rc7 a4 41. Ra7 Rb4+ 42. Kc5 Rxg4 43. Kd6 Re4 44. Kxe6 Rxe3 45. Rxa4 Kg7 46.
Ra7+ Kg6 47. Ra6 g4 48. Kd7+ Kf5 49. e6 g3 50. e7 g2 51. Ra1 Rd3+ 52. Kc6 Rc3+
53. Kd7 Rd3+ 1/2-1/2

[Event "UK Armed Forces ch"]
[Site "Wittering"]
[Date "2023.04.16"]
[Round "6.4"]
[White "Tucker, David S"]
[Black "Cooney, Jack"]
[Result "1-0"]
[WhiteElo "2000"]
[BlackElo "1130"]
[PlyCount "133"]
[EventDate "2023.04.14"]
[EventType "swiss"]
[EventRounds "7"]
[EventCountry "ENG"]
[SourceVersionDate "2023.04.22"]

1. e4 c6 2. d4 d5 3. exd5 cxd5 4. Bd3 Nc6 5. c3 Nf6 6. Bf4 e6 7. Nd2 Be7 8. h3
Bd7 9. Ngf3 Qb6 10. Qb3 Na5 11. Qxb6 axb6 12. Ne5 Nc6 13. O-O O-O 14. Rfe1 Rfc8
15. a3 Be8 16. g4 Na5 17. Bg3 b5 18. f4 Nc4 19. Ndxc4 dxc4 20. Bc2 g6 21. Rf1
Nd5 22. Be4 f6 23. Bxd5 exd5 24. Nf3 Bd7 25. Rae1 Kf7 26. Kg2 h6 27. Re2 Ra6
28. Rfe1 Re6 29. Re3 Rcc6 30. Nh4 Rxe3 31. Rxe3 Ra6 32. Nxg6 Bxa3 33. f5 Bf8
34. Nxf8 Kxf8 35. Kf3 h5 36. Re2 Kf7 37. Kf4 hxg4 38. hxg4 Ra2 39. Be1 Ra1 40.
g5 fxg5+ 41. Kxg5 Rb1 42. Kf4 Rd1 43. Ke5 Bc6 44. f6 b4 45. cxb4 Bb5 46. Bc3
Bc6 47. b5 Bxb5 48. Kxd5 Kxf6 49. Kc5 Ba6 50. d5+ Kf7 51. d6 b5 52. Re7+ Kf8
53. Ra7 b4 54. Bxb4 c3 55. bxc3 Be2 56. Kc6 Bf3+ 57. Kc7 Ke8 58. Ra5 Bg4 59.
Rg5 Be6 60. Rg7 Bf7 61. Rxf7 Kxf7 62. d7 Ke6 63. d8=Q Rxd8 64. Kxd8 Kd5 65. Kc7
Kc4 66. Kc6 Kb3 67. Kb5 1-0

[Event "UK Armed Forces ch"]
[Site "Wittering"]
[Date "2023.04.16"]
[Round "6.5"]
[White "Johnston, Kieran"]
[Black "Graham, Frazer"]
[Result "0-1"]
[WhiteElo "1396"]
[BlackElo "1967"]
[PlyCount "70"]
[EventDate "2023.04.14"]
[EventType "swiss"]
[EventRounds "7"]
[EventCountry "ENG"]
[SourceVersionDate "2023.04.22"]

1. d4 d5 2. Bf4 Nf6 3. Nd2 c5 4. e3 cxd4 5. exd4 Qb6 6. Nb3 Bf5 7. c3 Nbd7 8.
Bd3 Bxd3 9. Qxd3 a5 10. Qc2 a4 11. Nd2 Qa6 12. a3 g6 13. h3 Bg7 14. Ndf3 O-O
15. Qe2 Qa5 16. Ne5 Nxe5 17. Bxe5 Ne4 18. Bxg7 Kxg7 19. Qd3 Qb6 20. Rb1 Ra5 21.
Ne2 Nd6 22. O-O Nc4 23. Qc2 Rb5 24. Qxa4 Nd2 25. Qc2 Nxf1 26. Kxf1 Qf6 27. Nc1
Rc8 28. Qe2 Rb6 29. Nd3 Rxc3 30. Ne5 Qf5 31. Re1 Rc2 32. Qe3 Rbxb2 33. Ng4 h5
34. Qe5+ Qxe5 35. Nxe5 Rxf2+ 0-1

[Event "UK Armed Forces ch"]
[Site "Wittering"]
[Date "2023.04.16"]
[Round "6.6"]
[White "Parker, Glen D"]
[Black "Ross, David C (Snr)"]
[Result "1-0"]
[WhiteElo "2053"]
[BlackElo "1695"]
[PlyCount "43"]
[EventDate "2023.04.14"]
[EventType "swiss"]
[EventRounds "7"]
[EventCountry "ENG"]
[SourceVersionDate "2023.04.22"]

1. e4 e5 2. Bc4 Bc5 3. d4 exd4 4. Bxf7+ Kf8 5. Bb3 d6 6. c3 Nf6 7. cxd4 Bb6 8.
Nc3 Bg4 9. Qd3 Nbd7 10. h3 Bh5 11. g4 Bg6 12. Bg5 Qe8 13. f3 c6 14. O-O-O d5
15. Re1 Bc7 16. Qe3 Bf7 17. e5 h6 18. Bh4 g5 19. Bf2 Nb6 20. f4 gxf4 21. Qxf4
Qd8 22. Bh4 1-0

[Event "UK Armed Forces ch"]
[Site "Wittering"]
[Date "2023.04.16"]
[Round "6.7"]
[White "O'Byrne, Danny"]
[Black "Tenin, Aleksander"]
[Result "1/2-1/2"]
[WhiteElo "1682"]
[BlackElo "2072"]
[PlyCount "100"]
[EventDate "2023.04.14"]
[EventType "swiss"]
[EventRounds "7"]
[EventCountry "ENG"]
[SourceVersionDate "2023.04.22"]

1. d4 Nf6 2. e3 d5 3. Bd3 Bg4 4. Nf3 Nc6 5. c3 e5 6. dxe5 Nxe5 7. Be2 Nxf3+ 8.
Bxf3 Bxf3 9. Qxf3 c6 10. Nd2 Bc5 11. O-O O-O 12. e4 Re8 13. exd5 Qxd5 14. Qxd5
Nxd5 15. Nb3 Bb6 16. Bd2 Nf6 17. Rfe1 Ng4 18. Nd4 Rad8 19. Rxe8+ Rxe8 20. Re1
Rxe1+ 21. Bxe1 Ne5 22. Bd2 f6 23. Kf1 Kf7 24. Ke2 Nc4 25. Bc1 Bxd4 26. cxd4 Ke6
27. Kd3 Kd5 28. b3 Nd6 29. Ba3 Nf5 30. Bb2 h5 31. h3 h4 32. Bc3 b6 33. Bb2 a5
34. a3 b5 35. b4 a4 36. Bc3 g5 37. Bb2 Ng7 38. g3 Nf5 39. g4 Ng7 40. f3 f5 41.
Bc1 f4 42. Bb2 Ke6 43. Bc1 Ne8 44. Ke4 Nf6+ 45. Kd3 Kd6 46. Bd2 Kd5 47. Bc1 Nd7
48. Bb2 Nb6 49. Bc1 Nc4 50. Kc3 Nd6 1/2-1/2

[Event "UK Armed Forces ch"]
[Site "Wittering"]
[Date "2023.04.16"]
[Round "6.8"]
[White "Foulds, Andrew"]
[Black "Nelder, Alan J"]
[Result "1-0"]
[WhiteElo "1814"]
[BlackElo "1596"]
[PlyCount "67"]
[EventDate "2023.04.14"]
[EventType "swiss"]
[EventRounds "7"]
[EventCountry "ENG"]
[SourceVersionDate "2023.04.22"]

1. d4 g6 2. c4 Nf6 3. Nc3 Bg7 4. e4 d6 5. f3 c6 6. Be3 Qc7 7. Qd2 Nbd7 8. Nge2
e5 9. O-O-O a6 10. dxe5 dxe5 11. g4 Nb6 12. Ng3 Be6 13. b3 Nfd7 14. c5 Nc8 15.
Kb2 Bf8 16. Na4 b5 17. cxb6 Ncxb6 18. Nxb6 Nxb6 19. Qc3 Nd7 20. Bc4 a5 21. Bxe6
fxe6 22. Qc4 Kf7 23. Rc1 Rc8 24. Rhd1 Bb4 25. Ne2 Rhd8 26. Nc3 Nb6 27. Qa6 Nd7
28. Nb5 cxb5 29. Rxc7 Rxc7 30. Bb6 Rc6 31. Qxb5 Rxb6 32. Rxd7+ Rxd7 33. Qxd7+
Kg8 34. Qd8+ 1-0

[Event "UK Armed Forces ch"]
[Site "Wittering"]
[Date "2023.04.16"]
[Round "6.9"]
[White "Glover, John"]
[Black "Dray-Pearce, Tristan"]
[Result "0-1"]
[WhiteElo "1656"]
[BlackElo "1766"]
[PlyCount "26"]
[EventDate "2023.04.14"]
[EventType "swiss"]
[EventRounds "7"]
[EventCountry "ENG"]
[SourceVersionDate "2023.04.22"]

1. Nf3 e6 2. c4 f5 3. g3 Nf6 4. Bg2 Be7 5. O-O d6 6. d4 O-O 7. b3 a5 8. a4 Ne4
9. Bb2 Bf6 10. Qc2 Na6 11. Nbd2 Nb4 12. Qb1 d5 13. Ne5 Nxd2 0-1

[Event "UK Armed Forces ch"]
[Site "Wittering"]
[Date "2023.04.16"]
[Round "6.10"]
[White "Turvey, Adam"]
[Black "Kelly, Richard"]
[Result "0-1"]
[WhiteElo "1562"]
[BlackElo "1845"]
[PlyCount "119"]
[EventDate "2023.04.14"]
[EventType "swiss"]
[EventRounds "7"]
[EventCountry "ENG"]
[SourceVersionDate "2023.04.22"]

1. d4 Nf6 2. Bf4 c5 3. d5 d6 4. Nc3 g6 5. e4 Bg7 6. Qd2 O-O 7. f3 Re8 8. Bc4 a6
9. a4 Nbd7 10. Bh6 Nf8 11. Bxg7 Kxg7 12. h4 h6 13. g4 N6h7 14. Nh3 e5 15. Qf2
Qb6 16. Ra2 Qb4 17. Be2 Bd7 18. Kf1 b5 19. a5 Qd4 20. Qe1 b4 21. Nd1 b3 22.
cxb3 Reb8 23. Ra3 Bb5 24. Ng1 c4 25. Bxc4 Bxc4+ 26. bxc4 Qxc4+ 27. Ne2 Nd7 28.
Qc3 Rc8 29. Ne3 Qb5 30. Qb3 Rc1+ 31. Nd1 Qxb3 32. Rxb3 Rxd1+ 33. Kg2 Rxh1 34.
Kxh1 Rb8 35. Rxb8 Nxb8 36. b4 Kf8 37. Nc3 Ke7 38. Kg2 Kd7 39. Kg3 Nf6 40. Na4
Ne8 41. Nb6+ Kd8 42. Nc4 Nd7 43. Kf2 Ke7 44. Ke3 Nc7 45. Nb6 Nb5 46. Kd3 Nxb6
47. axb6 Kd7 48. Ke3 Kc8 49. f4 exf4+ 50. Kxf4 f6 51. g5 fxg5+ 52. hxg5 h5 53.
e5 dxe5+ 54. Kxe5 Nc3 55. d6 h4 56. Kf4 Nd5+ 57. Kg4 Nxb6 58. Kxh4 Kd7 59. Kg4
Kxd6 60. Kf4 0-1

[Event "UK Armed Forces ch"]
[Site "Wittering"]
[Date "2023.04.16"]
[Round "6.11"]
[White "Bradley, William"]
[Black "Blair, Jimmy"]
[Result "1-0"]
[WhiteElo "1831"]
[BlackElo "1509"]
[PlyCount "49"]
[EventDate "2023.04.14"]
[EventType "swiss"]
[EventRounds "7"]
[EventCountry "ENG"]
[SourceVersionDate "2023.04.22"]

1. e4 e5 2. Nf3 Nc6 3. Bb5 d6 4. d4 a6 5. Bxc6+ bxc6 6. dxe5 Bg4 7. exd6 cxd6
8. Qd3 Bxf3 9. Qxf3 Qd7 10. O-O g6 11. Nc3 Bg7 12. Bf4 Ne7 13. Rad1 O-O 14.
Bxd6 Qb7 15. Ba3 Be5 16. Rd3 f5 17. Bxe7 Qxe7 18. exf5 Rxf5 19. Qxc6 Raf8 20.
g3 Bxc3 21. Qc4+ Kg7 22. Rxc3 R8f7 23. Qxa6 Rxf2 24. Rxf2 Qe1+ 25. Qf1 1-0

[Event "UK Armed Forces ch"]
[Site "Wittering"]
[Date "2023.04.16"]
[Round "6.12"]
[White "Cooper, Liam"]
[Black "Watson, Paul R"]
[Result "0-1"]
[WhiteElo "1463"]
[BlackElo "1776"]
[PlyCount "64"]
[EventDate "2023.04.14"]
[EventType "swiss"]
[EventRounds "7"]
[EventCountry "ENG"]
[SourceVersionDate "2023.04.22"]

1. c4 Nf6 2. Nc3 c5 3. g3 d5 4. cxd5 Nxd5 5. Nxd5 Qxd5 6. f3 e5 7. Bg2 Nc6 8.
e4 Qd6 9. Ne2 Be7 10. O-O O-O 11. d3 Rd8 12. Nc3 Qxd3 13. Nd5 Qxd1 14. Rxd1 Kf8
15. Be3 Nd4 16. Rac1 Ne2+ 17. Kf2 Nxc1 18. Rxc1 b6 19. Bf1 Bb7 20. Bc4 Rac8 21.
f4 b5 22. Bb3 c4 23. Nxe7 Kxe7 24. Bd1 Bxe4 25. fxe5 a6 26. Bg5+ f6 27. exf6+
gxf6 28. Bh4 h6 29. Bg4 Rc5 30. Re1 Re5 31. Bf3 Rd2+ 32. Kf1 Bd3+ 0-1

[Event "UK Armed Forces ch"]
[Site "Wittering"]
[Date "2023.04.16"]
[Round "6.14"]
[White "Morrison, Munroe L"]
[Black "O'Neill, Stephen G"]
[Result "1/2-1/2"]
[WhiteElo "1704"]
[BlackElo "1483"]
[PlyCount "24"]
[EventDate "2023.04.14"]
[EventType "swiss"]
[EventRounds "7"]
[EventCountry "ENG"]
[SourceVersionDate "2023.04.22"]

1. d4 d5 2. e3 Nc6 3. f4 Bf5 4. Bd3 e6 5. Nf3 Nb4 6. O-O Nxd3 7. cxd3 c5 8. b3
cxd4 9. Nxd4 Bc5 10. Nxf5 exf5 11. Qf3 Rc8 12. Bb2 Nf6 1/2-1/2

[Event "UK Armed Forces ch"]
[Site "Wittering"]
[Date "2023.04.16"]
[Round "6.15"]
[White "Woodrough, Thomas"]
[Black "O'Brien, Anthony"]
[Result "0-1"]
[WhiteElo "1600"]
[BlackElo "1425"]
[PlyCount "52"]
[EventDate "2023.04.14"]
[EventType "swiss"]
[EventRounds "7"]
[EventCountry "ENG"]
[SourceVersionDate "2023.04.22"]

1. e4 e6 2. d4 d5 3. Nc3 Nf6 4. e5 Nfd7 5. Nf3 c5 6. Ne2 Nc6 7. c3 Qb6 8. Ng3
cxd4 9. cxd4 Bb4+ 10. Bd2 Nxd4 11. Nxd4 Qxd4 12. Bxb4 Qxb4+ 13. Qd2 Qxd2+ 14.
Kxd2 Nxe5 15. Kc2 Ng4 16. f3 Ne3+ 17. Kb1 Bd7 18. b3 Rc8 19. Bd3 Nxg2 20. Kb2
Nf4 21. Bc2 Bb5 22. a4 Bd3 23. Bxd3 Nxd3+ 24. Ka3 O-O 25. Rhg1 Nf4 26. Rac1 h5
0-1

[Event "UK Armed Forces ch"]
[Site "Wittering"]
[Date "2023.04.16"]
[Round "6.16"]
[White "Jackson, Richard"]
[Black "Woolf, Ben"]
[Result "1/2-1/2"]
[WhiteElo "1332"]
[BlackElo "1596"]
[PlyCount "55"]
[EventDate "2023.04.14"]
[EventType "swiss"]
[EventRounds "7"]
[EventCountry "ENG"]
[SourceVersionDate "2023.04.22"]

1. e4 c6 2. d4 d5 3. exd5 cxd5 4. g3 Nf6 5. Nf3 e6 6. Bg2 Be7 7. O-O O-O 8. b3
Nbd7 9. c4 b6 10. Nbd2 Rb8 11. cxd5 Nxd5 12. Bb2 N7f6 13. Nc4 Bb7 14. Rc1 Rc8
15. a3 Rc7 16. Nce5 Bd6 17. Qe2 Qe7 18. Rfe1 Rfc8 19. Rxc7 Rxc7 20. b4 Qe8 21.
b5 Qc8 22. Qd3 Rc2 23. Ba1 Rc1 24. Bb2 Rxe1+ 25. Nxe1 h6 26. Nc2 Qc7 27. Ne3
Qc8 28. Nc2 1/2-1/2

[Event "UK Armed Forces ch"]
[Site "Wittering"]
[Date "2023.04.16"]
[Round "6.17"]
[White "Portman, Carl S"]
[Black "Eddershaw, John HT"]
[Result "1-0"]
[WhiteElo "1930"]
[BlackElo "1356"]
[PlyCount "45"]
[EventDate "2023.04.14"]
[EventType "swiss"]
[EventRounds "7"]
[EventCountry "ENG"]
[SourceVersionDate "2023.04.22"]

1. d4 f5 2. c4 Nf6 3. Nc3 b6 4. Qc2 e6 5. Bg5 h6 6. Bxf6 gxf6 7. e4 Bb7 8. exf5
Bb4 9. O-O-O Rg8 10. Nge2 Bd6 11. fxe6 dxe6 12. Qh7 Rf8 13. Qxh6 Qd7 14. Qh5+
Rf7 15. c5 Be7 16. Nf4 Nc6 17. Bc4 Nd8 18. Rhe1 Bd5 19. Nfxd5 exd5 20. Bxd5
Qxd5 21. Nxd5 Rc8 22. Rxe7+ Kf8 23. Qh8# 1-0

[Event "UK Armed Forces ch"]
[Site "Wittering"]
[Date "2023.04.16"]
[Round "6.18"]
[White "Collins, Nigel"]
[Black "Sherpa, Ngadi"]
[Result "1/2-1/2"]
[WhiteElo "1446"]
[BlackElo "1819"]
[Annotator "Thurlow, Kevin J"]
[PlyCount "238"]
[EventDate "2023.04.14"]
[EventType "swiss"]
[EventRounds "7"]
[EventCountry "ENG"]
[SourceVersionDate "2023.04.22"]

1. c4 c6 2. e4 g6 3. Nc3 Bg7 4. g3 d6 5. Bg2 Nf6 6. Nge2 Bg4 7. O-O e5 8. d3
O-O 9. h3 Be6 10. Be3 Qd7 11. Kh2 Ne8 12. f4 f5 13. Rb1 fxe4 14. Nxe4 c5 15.
Bxc5 Nc6 16. Bxd6 Nxd6 17. Nc5 Qc8 18. Nxe6 Re8 19. Nxg7 Kxg7 20. fxe5 Nxe5 21.
Nf4 Rb8 22. b3 Qd7 23. d4 Nef7 24. d5 Nf5 25. Ne6+ Kg8 26. Qf3 Re7 27. Qc3 Nd8
28. Nxd8 Rxd8 29. Rbe1 Rde8 30. Rxe7 Qxe7 31. d6 Qg7 32. Bd5+ Kh8 33. Qxg7+
Kxg7 34. Rf2 Nxd6 35. c5 Re5 36. cxd6 Rxd5 37. Rc2 Rxd6 38. Rc7+ Kh6 39. Rxb7
Rd2+ 40. Kg1 Rxa2 41. b4 a6 42. Ra7 Ra4 43. Kf2 Rxb4 44. Rxa6 Rb3 45. Ra4 g5
46. Kg2 Rb7 47. Ra6+ Kg7 48. Re6 h5 49. Re2 Rb6 50. Rf2 Kg6 51. Kh2 Re6 52. Kg2
Re3 53. Rf3 Re8 54. Rf2 Re4 55. Rf3 Ra4 56. Rf2 Ra8 57. Rf3 g4 58. hxg4 hxg4
59. Rf4 Kg5 60. Kf2 Ra2+ 61. Kg1 Rb2 62. Kf1 Rc2 63. Kg1 Rc1+ 64. Kg2 Rc2+ 65.
Rf2 Rc4 66. Kg1 Ra4 67. Kf1 Ra3 68. Kg2 Rc3 69. Re2 Rc5 70. Rf2 Re5 71. Kg1 Re3
72. Kg2 Rb3 73. Rf4 Rc3 74. Rf2 Re3 75. Rf4 Re5 76. Kf2 Rb5 77. Kg2 Rc5 78. Rf2
Kh5 79. Kg1 Kg6 80. Kg2 Rc3 81. Rf4 Rc2+ 82. Rf2 Rc3 83. Rf4 Kg5 84. Rf2 Rd3
85. Rf4 Ra3 86. Rf2 Ra1 87. Rf4 Rb1 88. Rf2 Rc1 89. Rf4 Rc2+ 90. Rf2 Rc4 91.
Kg1 Rc1+ 92. Kg2 Rc4 93. Kg1 Rd4 94. Kg2 Rd3 95. Rf4 Rc3 96. Rf2 Rc5 97. Kf1
Ra5 98. Kg2 Ra1 99. Rf4 Re1 100. Rf2 Kh5 101. Rf4 Kg5 102. Rf2 Re8 103. Kg1 Rh8
104. Kg2 Rc8 105. Rf4 Rc3 106. Rf2 Ra3 107. Rf4 Re3 108. Rf2 Re4 {Either
player could now have claimed a draw under the 50-move rule.} 109. Kg1 Kg6 110.
Kg2 Re1 111. Kh2 Kg5 112. Kg2 Re4 113. Kg1 Rb4 114. Kg2 Kg6 115. Kg1 Rb1+ 116.
Kg2 Kg5 117. Rf4 Rb3 118. Rf2 Re3 119. Kh2 Re1 1/2-1/2

[Event "UK Armed Forces ch"]
[Site "Wittering"]
[Date "2023.04.16"]
[Round "6.19"]
[White "Barnes, David"]
[Black "Pitchers, Michael"]
[Result "1-0"]
[WhiteElo "1789"]
[BlackElo "1348"]
[PlyCount "67"]
[EventDate "2023.04.14"]
[EventType "swiss"]
[EventRounds "7"]
[EventCountry "ENG"]
[SourceVersionDate "2023.04.22"]

1. e4 d5 2. exd5 Nf6 3. Nf3 Nxd5 4. c4 Nb6 5. d4 c5 6. d5 e6 7. Nc3 exd5 8. Bf4
Qe7+ 9. Be2 dxc4 10. O-O Qd7 11. Re1 Be7 12. Ne5 Qxd1 13. Raxd1 Be6 14. Nb5 Nd5
15. Rxd5 Bxd5 16. Nc7+ Kf8 17. Nxd5 Bd6 18. Bxc4 Bxe5 19. Bxe5 Nc6 20. Bd6+ Kg8
21. Ne7+ Nxe7 22. Rxe7 h5 23. Rxf7 Kh7 24. Bd3+ Kg8 25. Bc4 Kh7 26. Be5 Rhg8
27. Rxb7 Rae8 28. Bxg8+ Kxg8 29. f4 g5 30. Rg7+ Kf8 31. Rxg5 Kf7 32. Rxh5 Kg6
33. Rg5+ Kf7 34. h4 1-0

[Event "UK Armed Forces ch"]
[Site "Wittering"]
[Date "2023.04.16"]
[Round "6.20"]
[White "Fielding, Michael"]
[Black "Harberd, Matthew"]
[Result "1-0"]
[WhiteElo "1743"]
[BlackElo "1323"]
[PlyCount "39"]
[EventDate "2023.04.14"]
[EventType "swiss"]
[EventRounds "7"]
[EventCountry "ENG"]
[SourceVersionDate "2023.04.22"]

1. d4 c5 2. d5 Nf6 3. c4 d6 4. Nc3 g6 5. e4 Ng4 6. h3 Ne5 7. f4 Bg7 8. fxe5
Bxe5 9. Be3 Qb6 10. Qd2 Bd7 11. Nf3 Bg7 12. Bd3 e6 13. O-O O-O 14. Bh6 Bxh6 15.
Qxh6 f6 16. Ng5 Rf7 17. Nxf7 Kxf7 18. Rxf6+ Kxf6 19. Rf1+ Ke5 20. Qg7# 1-0

[Event "UK Armed Forces ch"]
[Site "Wittering"]
[Date "2023.04.16"]
[Round "6.21"]
[White "Cox, Jamie"]
[Black "Knipe, Matthew"]
[Result "1-0"]
[WhiteElo "1182"]
[BlackElo "1654"]
[PlyCount "99"]
[EventDate "2023.04.14"]
[EventType "swiss"]
[EventRounds "7"]
[EventCountry "ENG"]
[SourceVersionDate "2023.04.22"]

1. c4 g6 2. d4 Bg7 3. Nf3 d6 4. Nc3 Nc6 5. g3 Nf6 6. Bg2 O-O 7. O-O Bd7 8. Bg5
Qc8 9. Qd2 Re8 10. Rfe1 Bh3 11. e4 Bxg2 12. Kxg2 Qd7 13. Rad1 Qc8 14. e5 Nd7
15. e6 Nb6 16. exf7+ Kxf7 17. d5 Ne5 18. Nxe5+ Bxe5 19. b3 c5 20. f4 Bf6 21.
Re6 Bxg5 22. fxg5 Kg7 23. Rde1 Qd7 24. Qf4 Rad8 25. h4 Nc8 26. R1e4 Rf8 27. Qe3
Rf7 28. Ne2 Rdf8 29. Nf4 a6 30. h5 gxh5 31. Nxh5+ Kg8 32. Nf4 Rg7 33. g6 hxg6
34. Nxg6 Rff7 35. g4 b5 36. g5 bxc4 37. bxc4 Qb7 38. Qe2 a5 39. Kg3 Qb1 40. Kg2
Qc1 41. Rg4 Rh7 42. Nh4 Rfg7 43. g6 Rh6 44. Qf2 Kh8 45. Rf4 Rg8 46. Rg4 Rg7 47.
Qf8+ Rg8 48. g7+ Kh7 49. Qf5+ Rg6 50. Qxg6# 1-0